书目信息 |
| 题名: |
细胞工程原理与技术
|
|
| 作者: | 余龙江 主编 | |
| 分册: | ||
| 出版信息: | 北京 高等教育出版社 2020.8 |
|
| 页数: | 227页 | |
| 开本: | 28cm | |
| 丛书名: | ||
| 单 册: | ||
| 中图分类: | Q813 | |
| 科图分类: | ||
| 主题词: | 细胞工程--教材 | |
| 电子资源: | ||
| ISBN: | 978-7-04-046213-5 | |
| 000 | 01156nam0 2200277 45 | |
| 001 | 012001002959 | |
| 005 | 20141010144156.0 | |
| 010 | @a978-7-04-046213-5@dCNY32.00 | |
| 096 | @aQ813@bylj | |
| 100 | @a20170413d2017 em y0chiy50 ea | |
| 101 | 0 | @achi |
| 102 | @aCN@b110000 | |
| 105 | @aa z 000yy | |
| 106 | @ar | |
| 200 | 1 | @a细胞工程原理与技术@Axi bao gong cheng yuan li yu ji shu@dPrinciples and technology of cellengineering@f余龙江主编@zeng |
| 210 | @a北京@c高等教育出版社@d2020.8 | |
| 215 | @a227页@c图@d28cm | |
| 300 | @aiCourse·教材 生物技术与生物工程系列 | |
| 300 | @a并列题名:Principles and technology of cellengineering | |
| 330 | @a本书系统介绍了细胞工程基本原理、关键技术及其应用,以及本领域的最新研究成果,突出细胞工程在解决相关重大理论问题及其实践应用方面的特色。全书分13章,前3章主要介绍细胞工程的发展简史、理论和实验基础;第4至7章主要介绍细胞工程关键技术;第8至13章主要介绍细胞工程应用实践。 | |
| 510 | 1 | @aPrinciples and technology of cellengineering@zeng |
| 606 | 0 | @a细胞工程@j教材 |
| 690 | @aQ813@v5 | |
| 701 | 0 | @a余龙江@Ayu long jiang@4主编 |
| 801 | 2 | @aCN@bBJSDL@c20211018 |
| 905 | @b1350974-7@dQ813@e276@f4 | |
| 细胞工程原理与技术=Principles and technology of cellengineering/余龙江主编.-北京:高等教育出版社,2020.8 |
| 227页:图;28cm |
| iCourse·教材 生物技术与生物工程系列.-并列题名:Principles and technology of cellengineering |
| ISBN 978-7-04-046213-5:CNY32.00 |
| 本书系统介绍了细胞工程基本原理、关键技术及其应用,以及本领域的最新研究成果,突出细胞工程在解决相关重大理论问题及其实践应用方面的特色。全书分13章,前3章主要介绍细胞工程的发展简史、理论和实验基础;第4至7章主要介绍细胞工程关键技术;第8至13章主要介绍细胞工程应用实践。 |
| ● |
| 相关链接 |
|
|
|
|
正题名:细胞工程原理与技术
索取号:Q813/276
 
预约/预借
| 序号 | 登录号 | 条形码 | 馆藏地/架位号 | 状态 | 备注 |
| 1 | 1350974 | 213509746 | 第二样本阅览室/ [索取号:Q813/276] | 在馆 | |
| 2 | 1350975 | 213509755 | 第三借阅区/ [索取号:Q813/276] | 在馆 | |
| 3 | 1350976 | 213509764 | 第三借阅区/ [索取号:Q813/276] | 在馆 | |
| 4 | 1350977 | 213509773 | 第三借阅区/ [索取号:Q813/276] | 在馆 |